[Event "Florianopolis op 4th"]
[Site "Florianopolis"]
[Date "2018.01.22"]
[Round "5"]
[White "Presa, Luis Alberto Passos"]
[Black "Sa, Ermano Soares De"]
[Result "0-1"]
[WhiteElo "1736"]
[BlackElo "1998"]
[PlyCount "80"]
[EventDate "2018.01.19"]
[EventType "swiss"]
[EventRounds "10"]
[EventCountry "BRA"]
[SourceTitle "EXT 2019"]
[Source "ChessBase"]
[SourceDate "2018.10.10"]
[SourceVersion "1"]
[SourceVersionDate "2018.10.10"]
[SourceQuality "1"]

1. d4 Nf6 2. c4 c6 3. Nc3 g6 4. e4 d6 5. Nf3 Bg7 6. Be2 0-0 7. 0-0 Re8 8. Be3 Ng4 9. Bf4 Nd7 10. h3 Ngf6 11. Qd2 c5 12. d5 a6 13. e5 Nh5 14. exd6 Nxf4 15. Qxf4 exd6 16. Bd3 Ne5 17. Nxe5 Bxe5 18. Qd2 Bd7 19. Rab1 Qh4 20. Ne2 Re7 21. f4 Bg7 22. f5 Bh6 23. Qe1 Qg5 24. Qg3 Qxg3 25. Nxg3 Re3 26. Rf3 Rxf3 27. gxf3 Re8 28. Ne4 Be3+ 29. Kg2 Bd4 30. Nxd6 Re3 31. Be4 b5 32. cxb5 axb5 33. Kf1 gxf5 34. Bc2 Rxf3+ 35. Ke2 Rxh3 36. Bxf5 Rh2+ 37. Kd3 Bxf5+ 38. Nxf5 Bxb2 39. Rxb2 Rxb2 40. d6 c4+ 0-1

[Event "Florianopolis op 4th"]
[Site "Florianopolis"]
[Date "2018.01.20"]
[Round "3"]
[White "Arndt, Claudio Felipe"]
[Black "Sa, Ermano Soares De"]
[Result "0-1"]
[WhiteElo "1780"]
[BlackElo "1998"]
[PlyCount "74"]
[EventDate "2018.01.19"]
[EventType "swiss"]
[EventRounds "10"]
[EventCountry "BRA"]
[SourceTitle "CBM 182 Extra"]
[Source "ChessBase"]
[SourceDate "2018.02.23"]
[SourceVersion "1"]
[SourceVersionDate "2018.02.23"]
[SourceQuality "1"]

1. e4 e5 2. Nf3 Nc6 3. Bc4 Be7 4. d4 exd4 5. Nxd4 Ne5 6. Bb3 d6 7. 0-0 Nf6 8. f4 Ng6 9. Nc3 0-0 10. h3 a6 11. a4 c5 12. Nf3 Qc7 13. Bc4 h6 14. Qe1 Be6 15. Bxe6 fxe6 16. Qg3 Kh7 17. f5 exf5 18. exf5 Nh8 19. Qh2 Rae8 20. g4 Nf7 21. Bf4 Qc6 22. Rae1 Bd8 23. Re6 Bc7 24. Qe2 Nd8 25. Rxe8 Rxe8 26. Qd3 c4 27. Qd2 Nf7 28. g5 hxg5 29. Bxg5 Qc5+ 30. Kh1 Qxf5 31. Qg2 Ne4 32. Bh4 Qh5 33. Nd4 Nxc3 34. bxc3 Qxh4 35. Rxf7 Re1+ 36. Kh2 d5+ 37. Rxc7 Qf4+ 0-1